00751 2200253 4500001002100000005001500021035002000036245014100056100002200197250000600219300003600225700003000261260003300291082001100324084001700335020002200352650002100374990001700395990001700412990001700429990001700446990001700463990001700480INLIS00000000000020820180914042651 a0010-09180000621 aMenulis Karangan Ilmiah :bKajian dan Penuntun dalam Menyusun Karya Tulis Ilmiah /cDr. Suherli, M.Pd; Editor, Ahmad Wildan Fauzan, S.Pd0 aDr. Suherli, M.Pd a- avi, 130 hlm. :bilus. ;c25 cm.0 aAhmad Wildan Fauzan, S.Pd aDepok :bCV Arya Duta,c2010 a808.02 a808.02 SUH m a978-979-750-108-2 aTeknik Penulisan a00900/P/2018 a00901/P/2018 a00902/P/2018 a00903/P/2018 a00904/P/2018 a00905/P/2018